|
|
|
|
| LEADER |
00000nam0a2200000 4500 |
| 001 |
151592 |
| 005 |
20240914063124.0 |
| 010 |
|
|
|a 5268012428
|
| 020 |
|
|
|a RU
|b 91-41279
|
| 035 |
|
|
|a (RuTPU)RU\TPU\book\164360
|
| 090 |
|
|
|a 151592
|
| 100 |
|
|
|a 20090126d1991 e y0rusy5003 ca
|
| 101 |
0 |
|
|a rus
|
| 102 |
|
|
|a RU
|
| 105 |
|
|
|a c z 001aa
|
| 200 |
1 |
|
|a Автобиографическая проза
|e для старшего школьного возраста
|f М. И. Цветаева
|g коммент. А. А. Саакянц
|
| 210 |
|
|
|a Москва
|c Советская Россия
|d 1991
|
| 215 |
|
|
|a 352 с.
|d 17 см
|c портр.
|
| 225 |
1 |
|
|a Библиотечная серия
|
| 320 |
|
|
|a Библиогр. в примеч.: с. 323-348
|
| 600 |
|
1 |
|a Пушкин
|b А. С.
|c российский поэт
|c писатель
|f 1799-1837
|g Александр Сергеевич
|7 ca
|8 rus
|2 stltpush
|3 (RuTPU)RU\TPU\pers\1026
|9 453
|
| 600 |
|
0 |
|a Александр
|d III
|c российский император из династии Романовых (1881-1894)
|f 1845-1894
|2 stltpush
|3 (RuTPU)RU\TPU\pers\548
|
| 600 |
|
1 |
|a Цветаев
|b И. В.
|f 1847-1913
|g Иван Владимирович
|c специалист в области античной истории, эпиграфики и искусства
|c член-корреспондент Петербургской АН
|2 stltpush
|3 (RuTPU)RU\TPU\pers\7082
|
| 600 |
|
1 |
|a Волошин
|b М. А.
|c российский поэт, художественный критик, художник
|f 1877-1932
|g Максимилиан Александрович
|c настоящая фамилия Кириенко-Волошин
|2 stltpush
|3 (RuTPU)RU\TPU\pers\12263
|
| 610 |
1 |
|
|a русская литература
|
| 610 |
1 |
|
|a очерки
|
| 675 |
|
|
|a Р2
|z rus
|
| 700 |
|
1 |
|a Цветаева
|b М. И.
|c русская поэтесса
|f 1892-1941
|g Марина Ивановна
|2 stltpush
|3 (RuTPU)RU\TPU\pers\130
|9 76
|
| 702 |
|
1 |
|a Саакянц
|b А. А.
|4 220
|
| 801 |
|
0 |
|a RU
|b RuMRKP
|c 19950417
|g psbo
|
| 801 |
|
1 |
|a RU
|b 63413507
|c 20090126
|g PSBO
|
| 801 |
|
2 |
|a RU
|b 63413507
|c 20160623
|g PSBO
|
| 942 |
|
|
|c BK
|